Statistiken für Blumen erraten

Klicken Sie hier um das Quiz zu spielen!

Allgemein

  • Dieses Quiz wurde 592 mal gespielt
  • Das Durchschnittsergebnis liegt bei 8 aus 12

Antwortstatistiken

Antwort% Korrekt
Rose
99%
Tulpe
99%
Sonnenblume
98%
Orchidee
86%
Lavendel
81%
Maiglöckchen
74%
Distel
56%
Veilchen
54%
Narzisse
53%
Lilie
45%
Vergissmeinnicht
38%
Hortensie
35%

Verteilung der Resultate

Perzentil nach korrekt beantworteten Fragen

Anzahl Personen mit jedem Resultat

Ihre Resultats-Entwicklung

Sie haben dieses Quiz noch nicht gespielt